Struktura nástrojů Business Intelligence a jejich vliv na proces řízení

Vymedzenie pojmu Business Intelligence (BI). Architektúra BI. Aplikácia a charakteristika EIS (Executive Information systéme). Dôvody pre implementáciu EIS.

Salvato in:
Dettagli Bibliografici
Autore principale: Tvrdíková, Milena
Natura: Capitolo di libro
Lingua:ceco
Soggetti:
Tags: Aggiungi Tag
Nessun Tag, puoi essere il primo ad aggiungerne!!

MARC

LEADER 00000naa$a2200000$$$4500
001 0064135
005 20231107110437.6
041 0 |a cze 
044 |a CZ 
245 1 0 |a Struktura nástrojů Business Intelligence a jejich vliv na proces řízení  |c Milena Tvrdíková 
520 |a Vymedzenie pojmu Business Intelligence (BI). Architektúra BI. Aplikácia a charakteristika EIS (Executive Information systéme). Dôvody pre implementáciu EIS. 
610 2 0 |a systémy informačné 
610 2 0 |a uchovávanie dát 
610 2 0 |a riadenie strategické 
610 2 0 |a riadenie znalostí 
610 2 0 |a riadenie projektové 
610 2 0 |a prenos dát 
610 2 0 |a systémy informačné podnikové 
100 1 |a Tvrdíková, Milena